[Event "42nd Olympiad"]
[Site "Baku"]
[Date "2016.09.06"]
[Round "5.37"]
[White "Dominguez Perez, Leinier"]
[Black "Bareev, Evgeny"]
[Result "1-0"]
[WhiteElo "2720"]
[BlackElo "2675"]
[Annotator "John Upper"]
[PlyCount "115"]
[EventDate "2016.09.02"]
[EventType "team-swiss"]
[EventRounds "11"]
[EventCountry "AZE"]
[SourceTitle "Chess Canada 2016Olympia"]
[Source "CFC"]
[SourceDate "2016.12.01"]
[WhiteClock "0:03:54"]
[BlackClock "0:04:17"]

1. e4 e6 2. d4 d5 3. Nc3 Nf6 4. e5 Nfd7 5. f4 c5 6. Nf3 Nc6 7. Be3 Be7 8. Qd2
O-O {[#]} 9. Be2 (9. dxc5 Nxc5 10. O-O-O a6 11. Qf2 b6 12. Nd4 Qc7 13. Kb1 Bb7
14. Nxc6 Bxc6 15. Bd4 Bb7 16. Bd3 b5 17. Ne2 b4 18. Ng3 Rac8 19. f5 f6 $13 20.
exf6 Bxf6 21. Bxc5 {(½-½, 36) So,W (2773)-Nakamura,H (2787) US Ch., 2016.})
9... b6 10. Nd1 {Preparing c2-c3, which would leave Black struggling to create
queenside or central play. Black now trades on d4 since the Nd1 is a long way
from being able to occupy d4.} cxd4 11. Nxd4 Nxd4 12. Bxd4 {[#]} Nc5 (12... Nb8
$1 {prepares both ...Ba6 and ...Nc6.} 13. Ne3 Nc6 14. c3 b5 $5 15. O-O (15.
Bxb5 $4 Nxd4 16. Qxd4 $8 Rb8 $17) 15... b4 16. Bd3 bxc3 17. bxc3 Bd7 18. Ng4
Nxd4 19. cxd4 g6 20. Rab1 Rb8 21. h3 {½-½ Quesada Perez,Y (2634)-Chandra,A 
(2489) Greensboro, 2016.}) 13. Nf2 a5 14. O-O-O (14. O-O Ba6 15. Bxa6 Rxa6 16.
Qe2 Ra8 17. Rad1 Qc7 18. c3 Qc6 19. Ng4 Ne4 20. f5 exf5 21. Rxf5 Rae8 22. Rdf1
$13 {White's pieces look menacing, but the Ne4 is a good defender; Quesada
Perez,Y (2645)-Matamoros Franco,C (2525) Montevideo, 2015 (1-0, 39).}) 14...
Ba6 15. Bg4 Rc8 16. Kb1 Rc6 17. Rhe1 Qd7 18. Qe3 Qc7 19. Qh3 Bc8 20. Be2 Ba6
21. Bg4 Bc8 22. Be2 Ba6 23. Bxa6 Nxa6 {[#]Critical Position The pawn structure
is typical for opposite side caslting attacks in the Frenc (and Scheveningen
Sicilian), but the piece exchanges, particularly the light-square Bs, should
favour Black.  What should White do about the attack on c2?} 24. Ng4 $5 {
White ignores the attack on c2 and launches his own.} (24. Bc3 $6 {gives Black
a nice choice between ...b5 and ...Bb4, with the initiative in either case.} b5
) (24. f5 $5 exf5 25. Qxf5 Qc8 $1 26. Qf3 Rxc2 $5 27. Bc3 Nb4 {defending the R
and threatening ....Qc4,} 28. a3 Bc5 $1 {with a complex position.}) (24. c3 $5
{this unnecessarily gives Black a lever with ....b5-b4, though White does not
seem to be worse in the complications:} Nc5 (24... b5 25. Rd3 b4 26. Rg3 $40)
25. g4 b5 26. f5 Rb8 27. f6 Bf8 $8 28. fxg7 Bxg7 29. g5 $36 b4 30. c4 $1 {
a pseudo-pawn sac to close the c-file.} Ne4 (30... dxc4 $4 31. Ng4 $18) 31. Ng4
Rxc4 32. Nf6+ Kf8 $8 33. Qxh7 Nc3+ $8 34. bxc3 $8 bxc3+ $13) 24... Rc8 (24...
Rxc2 $6 25. Nf6+ $1 Bxf6 $8 (25... gxf6 26. Qg4+ Kh8 27. exf6 {is mating.}) 26.
exf6 Rc8 27. f5 $40) 25. c3 Nc5 26. f5 {[#]} exf5 $6 (26... Bf8 $1 27. f6 (27.
fxe6 fxe6 $11) 27... g6 {looks scary, but how does White break through?}) 27.
Ne3 $1 Rd8 28. Nxf5 Bf8 29. Qf3 Ne6 30. Bf2 Ng5 31. Qd3 Rd7 32. h4 Ne6 33. Qf3
Rc4 34. g3 Re4 35. Rxd5 Rxe1+ 36. Bxe1 {[#]} g6 (36... Qc6 37. c4 $8 g6 38. Qd1
$1 Rxd5 39. cxd5 Qc4 (39... Qd7 $2 40. Ne3 $18) 40. dxe6 Qe4+ 41. Ka1 gxf5 $1
$14) 37. Ne3 Bg7 (37... Rxd5 38. Qxd5 Bg7 39. Nc4 $16) 38. Rxd7 Qxd7 39. Qd5
Nc5 40. c4 {[#]} Qxd5 $6 (40... Qe8 41. Bc3 Nd7 $14 42. Ng4 $140 h5 43. Nf6+
Nxf6 44. exf6 Bxf6 $1 45. Bxf6 Qe1+ 46. Kc2 Qf2+ $11) 41. Nxd5 Bxe5 42. Nxb6
Nd3 {[#]} 43. Nd7 (43. Bxa5 {seems to win for White, but it's sensible not to
go into a race when you can keep your one pawn advantage.} Nxb2 (43... Bxg3 44.
Kc2 Nc5 45. b4 Ne6 46. Nd5 Bxh4 47. c5 $18) 44. Kc2 f5 45. Bc3 Bxc3 46. Kxc3
Nd1+ 47. Kd4 $18) 43... Bc7 44. Nf6+ Kf8 45. Nd5 Nxe1 46. Nxc7 Ke7 47. Kc1 Nd3+
48. Kc2 Nf2 49. Nd5+ {[#]} Ke6 (49... Kd6 50. Kb3 $16) 50. Nc3 (50. Kb3 $1)
50... Ke5 51. c5 f5 52. a3 a4 53. b4 axb3+ 54. Kxb3 Ke6 55. Kc4 h6 56. Kb5 g5
57. hxg5 hxg5 58. c6 (58. c6 Nd3 59. c7 Kd7 60. Kb6 Kc8 61. Nb5 $18) 1-0

[Event "42nd Olympiad"]
[Site "Baku"]
[Date "2016.09.06"]
[Round "5.38"]
[White "Kovalyov, Anton"]
[Black "Bruzon, Lazaro"]
[Result "1-0"]
[WhiteElo "2617"]
[BlackElo "2623"]
[Annotator "John Upper"]
[PlyCount "143"]
[EventDate "2016.09.02"]
[EventType "team-swiss"]
[EventRounds "11"]
[EventCountry "AZE"]
[SourceTitle "Chess Canada 2016Olympia"]
[Source "CFC"]
[SourceDate "2016.12.01"]
[WhiteClock "0:24:17"]
[BlackClock "0:00:47"]

1. c4 e5 2. g3 Nf6 3. Bg2 h6 {[#] Does 3 ...h6 look ridiculous?  This not a
fast 1.e4 e5 opening where Black can get blown off the board. In fact, all of
White's moves so far have been about attacking the light squares on the queen
side, so slightly weakening the kingside light squares is hardly a problem. 
Carlsen has played this against Kramnik. It's a semi-useful waiting move helps
Black decide where to put his f8-Bishop.} 4. b3 Bc5 5. Nc3 $146 (5. e3 O-O 6.
Bb2 Re8 7. Ne2 d5 8. cxd5 Nxd5 9. O-O Nc6 10. a3 Bf8 11. d3 Be6 12. Nd2 Qd7 13.
Qc2 Bh3 14. Rfd1 Rad8 15. Nf3 Qg4 16. Qc4 Nb6 17. Qxg4 Bxg4 {(½- ½, 70)
Gurevich,M (2634)-Anand,V (2755) Bastia, 2002.}) 5... Nc6 6. e3 d5 7. Nxd5 Nxd5
8. cxd5 Nb4 9. d3 Nxd5 10. Nf3 Bb4+ 11. Bd2 Bd6 12. d4 e4 13. Ne5 Nf6 14. Qc2
O-O 15. Bc3 Be6 16. Rd1 c6 17. O-O {[#]} Re8 $2 {An unnecessary pawn sac.} (
17... Bf5 $142 {and if} 18. f3 exf3 19. Qxf5 fxg2 20. Kxg2 Qc8 21. Qxc8 Raxc8 {
with equality, and possibly some play against White's center;} 22. Rxf6 $6 gxf6
23. Nd7 Rfd8 24. Nxf6+ Kg7 25. Rf1 Be7 $15) 18. Bxe4 $1 Nxe4 19. Qxe4 f6 20.
Qc2 $1 Qe7 (20... fxe5 $2 21. dxe5 {did Black sac the pawn because he missed
this? I doubt it, since it is a common enough tactic.} Bd5 22. exd6 Qxd6 23. e4
Qg6 24. f3 $16) 21. Nc4 Bd5 22. Rde1 $1 Bc7 23. f3 {Diagram [#] Here come the
pawns. Compare this position with those at moves 30, 37, and 42.} Qe6 24. Nb2
f5 25. Nd3 Qg6 26. Ne5 Qh5 27. Qg2 Rad8 28. g4 fxg4 29. Nxg4 (29. Qxg4 Qxg4+
30. Nxg4 c5 31. dxc5 (31. Ne5 cxd4 32. exd4 Rc8) 31... Bc6 $44) 29... Rd6 30.
e4 Bf7 31. f4 $1 Rg6 32. h3 Qh4 33. Re2 (33. f5 {is good too.}) 33... Bb6 ({
There's no way to capitalize on the pinned Ng4:} 33... h5 34. f5 Rg5 35. Be1
$18) 34. f5 Rg5 35. Rf4 Kh8 36. Kh2 Bc7 37. e5 {[#]} Rh5 (37... Bd5 38. Qf2 Qh5
39. Bb4 $18 {to play Bd6 and start pushing the e-pawn.}) 38. Qg3 Qd8 39. Rg2
Rg8 40. Ne3 Rg5 41. Rg4 Rxg4 42. hxg4 $18 {Diagram [#] White is completely
winning as there's no way to undermine his pawn mass.} Qg5 (42... c5 $2 43. d5
Bxd5 44. Rd2 $18 {gets another piece.}) 43. Bd2 Qd8 44. Bc3 Qg5 45. Nc2 Bd5 46.
Bd2 Qd8 47. Re2 Rf8 48. Bf4 Kg8 49. Kh3 h5 50. e6 hxg4+ {Now White gets to
attack on the g-file too.} 51. Qxg4 Bxf4 {[#]} 52. e7 Qd6 53. Qg6 (53. e8=Q {
also wins.}) 53... Bf7 (53... Qxg6 54. exf8=Q+ Kxf8 55. fxg6 $18) 54. Qxd6 Bxd6
55. exf8=Q+ Kxf8 56. Kg4 Bc7 57. Ne3 Bb6 58. Nc4 Bxc4 59. bxc4 Bxd4 60. Rd2 {
[#] White lets the fish wriggle on the line before reeling him in.} c5 61. Re2
Kf7 62. Kf4 Bf6 63. Re1 Bc3 64. Rb1 b6 65. Rb3 Bb4 66. Ke5 Be1 67. Ra3 Ba5 68.
Rxa5 $1 bxa5 69. Kd5 Kf6 70. Kxc5 Ke5 71. a4 Kxf5 72. Kd6 {Calm and sound play
from White to convert an unwise pawn sac by Black. With the win, Anton goes to
4/4!} 1-0

[Event "42nd Olympiad"]
[Site "Baku"]
[Date "2016.09.06"]
[Round "5.10"]
[White "Hansen, Eric"]
[Black "Gonzalez Vidal, Y."]
[Result "1-0"]
[WhiteElo "2582"]
[BlackElo "2553"]
[Annotator "Eric Hansen"]
[PlyCount "61"]
[EventDate "2016.09.02"]
[EventType "team-swiss"]
[EventRounds "11"]
[EventCountry "AZE"]
[SourceTitle "Chess Canada 2016Olympia"]
[Source "CFC"]
[SourceDate "2016.12.01"]
[WhiteTeam "Canada"]
[BlackTeam "Cuba"]
[WhiteTeamCountry "CAN"]
[BlackTeamCountry "CUB"]

1. e4 c6 {Already a big surprise- one which I was absolutely not prepared for.
My opponent rarely plays the Caro and besides that I have quite a reasonable
score against the Caro. For someone whos job was presumably to hold with Black
this seemed like a riskier choice.} 2. d4 d5 3. e5 Bf5 4. Nf3 e6 5. Be2 Nd7 6.
O-O h6 {[#] The advance variation allows a lot of options for both sides which
makes for a pretty interesting struggle. A slow move such as 6.h6 is
completely playable. Usually it prepares g5 or makes room for the bishop to
retreat to h7} 7. Nbd2 Ne7 8. Nb3 g5 $5 {This aggressive line justified the
decision to enter this opening. I not only have zero experience in this
variation but I also could not remember a thing.} 9. Ne1 {Potentially
rerouting the knight to d3 and also opening up the possibility of f4.} (9. Bd2
Qc7) 9... Qc7 {Diagram [#]} 10. Bh5 {Played after a thirty minute think. The
alternatives didn't look great to me and I wanted to avoid preparation. The
only thing I could really understand was that if Black could queenside castle
then he can follow up with ...f6 and get great counterplay. My move tries to
to buy some time.} (10. Nd3 Ng6 11. Bd2 {Here is another example of Black's
decent chances in this line} (11. Bg4 Bxg4 12. Qxg4 c5 13. Nbxc5 Bxc5 14. dxc5
Nxc5 15. Nxc5 Qxc5 16. Be3 Qc7 $11 {Vachier Lagrave,M - Rodshtein,M Drancy FRA
2016}) 11... O-O-O 12. a4 f6 13. exf6 Bd6 $36 {Antipov,M-Rambaldi,F
Khanty-Mansiysk 2015}) (10. f4 O-O-O $1 (10... gxf4 $6 11. Bxf4 O-O-O 12. Nd3
Ng6 13. Bg3 $14) 11. fxg5 (11. Nd3 Ng6 12. fxg5 (12. Bg4 Bxd3 13. cxd3 gxf4 14.
Bxf4 Nxf4 15. Rxf4 f5 16. Bh5 Nf6 $15 {Black was comfortable in Nakamura,
H-Shankland,S Saint Louis 2015}) 12... hxg5 13. Bxg5 f6 $40) 11... hxg5 12.
Bxg5 f6 $40 {Too easy for Black..}) 10... c5 $1 {Energetic and correct.
Everything else leads to a comfortable space advantage for White.} (10... Ng6
$2 11. g4 $18) (10... Bg6 11. Nd3 O-O-O 12. f4 gxf4 13. Nxf4 $14) (10... Rh7 {
Looked wrong to me because of the natural continuation} 11. f4 O-O-O 12. fxg5
hxg5 13. Bxg5 f6 14. exf6 {and I thought this was good for White because I've
artificially stopped the tactics against h2. However, the computer thinks
Black has great compensation and counterplay after 14.Ng8!}) {[#]} 11. f4 {
At this point we were both already spending a lot of time on the clock in what
unfamiliar territory to us.} ({While 9.Bh5 is very rare, it turns out it has
still been played at the top level recently:} 11. c3 Bg7 ({The variation I was
worried about when contemplating 11.c3 was..} 11... c4 12. Nd2 Bg7 13. Nc2 O-O
14. Ne3 Bd3 15. Be2 Bg6 {my pieces looked too clumsy for my liking, though the
computer says White's a bit better.}) 12. f4 c4 13. Nd2 gxf4 14. Ndf3 Ng6 15.
Bxg6 fxg6 16. Nh4 O-O (16... Be4 17. Qg4 Nf8 18. Rxf4 $40) 17. Rxf4 $5 g5 18.
Nxf5 $1 gxf4 19. Nxg7 Kxg7 20. Qg4+ Kh7 21. Qxe6 Nb6 $13 {Anand,V (2791)-Giri,
A (2790) Shamkir, 2015 (½-½, 40).}) (11. Be3 $2 cxd4 12. Nxd4 Nxe5 13. f4 Nc4
$17) 11... c4 ({Imprecise is} 11... cxd4 12. Nxd4 gxf4 13. Bxf4 Bg7 (13... Nxe5
14. Qe2 Bg7 15. Nd3 Bxd3 16. cxd3 O-O 17. Kh1 $1 $18 {Pin to win} Qd6 18. Rae1
f6 19. Bg4 $1 f5 $1 20. Bh5) 14. Nxf5 Nxf5 15. Nd3 Nxe5 16. g4 Qb6+ 17. Kh1 Ne3
18. Qe2 Nxf1 19. Nxe5 $18) ({I spent serious time calculating the consequences
of} 11... Bg7 12. g4 $1 Bg6 13. Bxg6 fxg6 14. fxg5 cxd4 15. gxh6 Bxh6 16. Bxh6
Rxh6 17. Qd2 g5 18. Nf3 $14 {I was ready to go for this as White but some
caution is still required to handle the delicate position of the king.}) 12.
Nd2 {[#]} gxf4 (12... Bg7 13. g4 Bg6 14. Bxg6 Nxg6 (14... fxg6 15. fxg5 h5 16.
gxh5 Rxh5 17. Ndf3 O-O-O 18. Ng2 $16) 15. f5 Ngxe5 $5 16. fxe6 (16. dxe5 Nxe5
17. fxe6 Qb6+ $1 18. Kh1 Qxe6 $13) 16... fxe6 17. dxe5 Nxe5 18. Qe2 $14 {
Black has come comp, but I don't think it's enough.}) ({Last year, Sjugirov
played the correct sequence, which disallows what I managed to achieve during
this game:} 12... Qb6 $1 13. Ndf3 gxf4 14. Bxf4 Ng6 15. Bg3 Bg7 16. Kh1 O-O 17.
Qc1 f6 {Black comfortably took over with his active position in Nakar,
E-Sjugirov,S Jerusalem, 2015.}) 13. Rxf4 Bg7 14. Nf1 {Diagram [#] This knight
has two available squares while the other only has f3, so deciding how to
activate my knights seemed obvious. My opponent tanked a lot before playing
his next move after finding out what I had in mind. He wanted to castle
kingside and rush ...f6 before seeing...} Qb6 (14... O-O 15. Ne3 f6 16. Nxf5
Nxf5 17. Rxf5 exf5 18. e6 $18 {This is a better version of what was achieved
in the game as I retain the e-pawn.}) 15. Ne3 O-O 16. Nf3 f6 $2 {The logical
break in many of these positions, but also the losing one.} ({Superior is} 
16... Be4 17. c3 f6 $13) (16... Bg6 17. Rh4 $1 {with Ng4 coming up next.} f6 (
17... Nf5 18. Rh3 Nxe3 19. Bxe3 Qxb2 20. Bxg6 fxg6 21. Rb1 Qa3 22. Nh4 $18) 18.
Ng4 fxe5 19. Bxg6 Nxg6 20. Nxh6+ Bxh6 21. Rxh6 $18) 17. Nxf5 Nxf5 (17... exf5
18. e6 Qxe6 19. Nh4 $18) 18. Rxf5 $1 exf5 19. e6 $1 Qxe6 {Diagram [#] Here we
have a position where Black is up an exchange and a pawn. When I decided to go
for this position I assessed it as very good compensation. After we reached
the position I upgraded my evaluation to strategically winning. Some positive
factors that I considered before sacrificing:  1 - Safer king  2 - Superior
pieces and coordination  3 - No foreseeable trading of pieces  4 - Easier to
play.} 20. Bf4 {Necessary to stop Black's ideas of ...f4 and ...f5 activating
the bishop. The beautiful part about White's position is that there is no rush
to prove compensation: White's advantage is almost entirely positional and
will not go away unless there is a big change in the pawn structure or an
exchange of pieces, and Black can't force either of those... even though he
can try.} Ne5 {A desperate attempt to make life easier as we approached
zeitnot.} (20... Rae8 21. Nh4 Qe4 22. Qd2 $16) ({editor - GM Daniel King
thinks this is where Black went wrong. Instead he suggests Black try:} 20... c3
$5 {Analysis Diagram [#]} 21. b3 $6 {is tempting if White is playing for
complete control as in the game, but it would have been an error: after} ({If} 
21. bxc3 {then} Rfc8 {at least gives the rooks something to bite on;} ({or} 
21... Nb6 {and the knight has found a square. Objectively the position is
still better for White, but there is counterplay; and that might have driven
Hansen into closing the position.})) 21... Qe4 {, Black has counterplay
against the d-pawn. - Daniel King, BCM 2016 #11}) 21. Nh4 {From here until the
end I spent nearly no time- the position truly seemed to play itself. White
has the luxury of time, and with that, the ability to try to place all his
pieces on good squares.} ({For those wondering:} 21. dxe5 fxe5 22. Qe2 Qb6+ 23.
Be3 Qxb2 24. Rf1 $13) 21... Nc6 22. Qd2 Rae8 {Another attempt to exchange
pieces -- at the cost of an exchange this time -- but my light-square pressure
is worth more than an exchange, so...} 23. c3 {...offer declined.} Qe4 24. h3 {
Diagram [#] There are many acceptable ways to play this as White. I decide to
keep the queens on the board and slowly make my way towards Black's king. The
weak light squares and pawns near the king allow many points of penetration.}
Rf7 (24... Qd3 25. Qf2 {With Bf3 and Rd1 coming up to trap the Queen.}) 25. Qf2
Rfe7 26. Qg3 Rd7 (26... Qc2 27. Bxe8 Rxe8 28. Qg6 $18) 27. Bg6 Nd8 28. Nxf5 Qe6
29. Bxh6 Ree7 30. Bxg7 Rxg7 31. Re1 {My opponent threw in the towel before I
could play Re8 mate.  One of the best games in my career, especially if judged
with aesthetics in mind.   I did not include a lot of variations after 16.f6
because I consider the resulting position lost for Black, but I do invite the
reader to look for counterplay.   After my game ended we won on two other
boards to win the match 3-1 over Cuba. This upset result gave us a lot of
confidence heading into the second half of the tournament.} 1-0

[Event "42nd Olympiad"]
[Site "Baku"]
[Date "2016.09.06"]
[Round "5.40"]
[White "Hansen, Eric"]
[Black "Gonzalez Vidal, Y."]
[Result "1-0"]
[WhiteElo "2582"]
[BlackElo "2553"]
[Annotator "John Upper"]
[PlyCount "61"]
[EventDate "2016.09.02"]
[EventType "team-swiss"]
[EventRounds "11"]
[EventCountry "AZE"]
[SourceTitle "Chess Canada 2016Olympia"]
[Source "CFC"]
[SourceDate "2016.12.01"]
[WhiteClock "0:05:31"]
[BlackClock "0:00:38"]

1. e4 c6 {The Canadian game of the first 1/2 of the Olympiad (for me). Hansen
plays an exchange sac followed by a pawn sac to completely dominate Black's
minor pieces before going for mate.} 2. d4 d5 3. e5 Bf5 4. Nf3 e6 5. Be2 Nd7 6.
O-O h6 7. Nbd2 Ne7 8. Nb3 g5 {Diagram [#] An ambitious and double-edged move:
Black grabs kingside space before attacking White's center with ...c5 and ...
f6.} 9. Ne1 Qc7 10. Bh5 $1 c5 11. f4 (11. c3 Bg7 12. f4 c4 13. Nd2 gxf4 14.
Ndf3 Ng6 15. Bxg6 fxg6 16. Nh4 O-O 17. Rxf4 g5 18. Nxf5 gxf4 19. Nxg7 Kxg7 20.
Qg4+ Kh7 21. Qxe6 Nb6 22. Qh3 Qf7 {½-½ (40) Anand,V (2791)-Giri,A (2790)
Shamkir, 2015.}) 11... c4 12. Nd2 gxf4 (12... Qb6 13. Ndf3 gxf4 14. Bxf4 Ng6
15. Bg3 Bg7 16. Kh1 O-O 17. Qc1 f6 18. exf6 Nxf6 19. Bxg6 Bxg6 20. Be5 $2 (20.
Ne5 $11) 20... Ne4 21. Bxg7 Kxg7 22. c3 Rf6 23. Nc2 Raf8 $17 24. Ne3 Bh5 25.
Qc2 Qd8 (25... Bxf3 $11) 26. Nxc4 $4 Bg6 $1 {0-1 (26) Nakar,E (2435)-Sjugirov,
S (2678) Jerusalem 2015}) 13. Rxf4 Bg7 14. Nf1 Qb6 15. Ne3 O-O {Maybe Black
should be aiming to castle queenside?} 16. Nf3 f6 {Thematic, but White's
energetic and accurate response refutes it.} (16... Bg6 {is safer, but White
has lots of choices about how to arrange his kinside pieces.} 17. Nh4 $5 (17.
Rh4 $5)) 17. Nxf5 Nxf5 {Diagram [#]} 18. Rxf5 $1 exf5 19. e6 $1 {The pawn sac
shows the real point of the exchange sac: Black's B and N are now totally
without squares, while White gets outposts on the f and g-files.} Qxe6 20. Bf4
Ne5 $1 {Diagram [#] Nice try...} 21. Nh4 $1 {... but obviously, no thanks.} Nc6
(21... Nf7 22. Bg6 (22. Qd2 Ng5 23. Re1 Ne4 24. Qd1 $18) 22... Ng5 23. Nxf5 Ne4
24. Qg4 $18) 22. Qd2 Rae8 23. c3 {Black would be happy to give back an
exchange, but White keeps the pieces that own the light squares.} Qe4 24. h3
Rf7 25. Qf2 Rfe7 26. Qg3 Rd7 27. Bg6 {Diagram [#]} Nd8 (27... Ne7 {just to
show how bad Black's position is, after ...Ne7, White is winning even if he
doesn't bother to take the free Re8; e.g.} 28. Re1 Qc2 29. Bxf5 Qxb2 30. Bxh6
$18) 28. Nxf5 Qe6 29. Bxh6 Ree7 30. Bxg7 Rxg7 31. Re1 1-0